00283nam a2200121Ia 4500008004100000041000800041082001700049100001700066245002600083260001900109365001600128700001700144230718s9999 xx 000 0 und d aeng a621.381bMOT aMotorola Inc aRectifier Device Data c1995bMotorola cRs.b300.00 aMotorola Inc